Temas de argumentación
Guardat en:
| Autors principals: | , , , |
|---|---|
| Format: | Llibre |
| Idioma: | espanyol |
| Publicat: |
Buenos Aires
Biblos
1997
|
| Matèries: | |
| Etiquetes: |
Afegir etiqueta
Sense etiquetes, Sigues el primer a etiquetar aquest registre!
|
MARC
| LEADER | 00000nam a2200000 a 4500 | ||
|---|---|---|---|
| 001 | UCO9795 | ||
| 003 | CL-VaPUC | ||
| 008 | 010309e19970000AG |||||||||||||||||spa|d | ||
| 082 | 0 | 4 | |a 168 |b MAR |2 21 |
| 100 | |a Marafioti, Roberto |e autor |9 243946 | ||
| 700 | 0 | |a Zamudio de Molina, Bertha |e author |9 454920 | |
| 700 | 0 | |a Rubione, Alfredo |e author |9 454921 | |
| 700 | 0 | |a Duarte, Patricia |e author |9 454922 | |
| 245 | 1 | 0 | |a Temas de argumentación |
| 300 | |a 122 p | ||
| 942 | |c BK | ||
| 945 | |d 20010309 00:00:00 |a cmena | ||
| 260 | |a Buenos Aires |b Biblos |c 1997 | ||
| 650 | 0 | |a Argumentación |9 257103 | |
| 650 | 0 | |a Argumentos |9 306369 | |
| 650 | 0 | |a Lógica |9 256849 | |
| 650 | 0 | |a Razonamiento |9 256520 | |
| 650 | 0 | |a Análisis lingüístico |9 314711 | |
| 650 | 0 | |a Lingüística |9 265068 | |
| 650 | 0 | |a Retórica |9 266620 | |
| 583 | |a last modification |c 20010309 00:00:00 |k Rodrigo Vera | ||
| 999 | |c 293818 |d 293816 | ||
| 952 | |0 0 |1 0 |4 0 |6 168_000000000000000_MAR_1997 |7 0 |8 A |9 345549 |a FDOPOS |b FDOPOS |d 2019-11-20 |i 3687988 |o 168 MAR 1997 |p 3687988 |r 2025-01-22 |w 2019-11-20 |y BK |k MLA | ||